|
|
|
|
| LEADER |
01049nam a2200289 4500 |
| 001 |
c000350957 |
| 003 |
CARM |
| 005 |
00000000000000.0 |
| 008 |
690410s1969 ilu b 00010 eng |
| 019 |
1 |
|
|a 34430
|5 LACONCORD2021
|
| 035 |
|
|
|a (OCoLC)5378
|5 LACONCORD2021
|
| 050 |
0 |
0 |
|a HD31
|b .C455 1969
|
| 100 |
1 |
|
|a Champion, John M.
|
| 245 |
1 |
0 |
|a Critical incidents in management
|c [by] John M. Champion [and] Francis J. Bridges.
|
| 250 |
|
|
|a Rev. ed.
|
| 260 |
|
|
|a Homewood, Ill.,
|b R. D. Irwin,
|c 1969.
|
| 300 |
|
|
|a xxxvii, 206 p.
|c 23 cm.
|
| 490 |
0 |
|
|a The Irwin series in management
|
| 504 |
|
|
|a Includes bibliographies.
|
| 650 |
|
0 |
|a Industrial management.
|
| 650 |
|
0 |
|a Personnel management.
|
| 650 |
|
0 |
|a Critical incident technique.
|
| 700 |
1 |
|
|a Bridges, Francis J.,
|e joint author.
|
| 852 |
8 |
|
|b CARM
|h A1:AL30G0
|i B10177
|p 0450915
|f BK
|
| 082 |
0 |
4 |
|a 658
|
| 999 |
f |
f |
|i dceddeac-01e6-556d-904e-58c6a02e4720
|s 6d6c2e8a-e2bd-5c2e-9d5f-bc5871f64eb3
|
| 952 |
f |
f |
|p Can circulate
|a CAVAL
|b CAVAL
|c CAVAL
|d CARM 1 Store
|e B10177
|f A1:AL30G0
|h Other scheme
|i book
|m 0450915
|